000 00281nam a2200121Ia 4500
008 230312s9999||||xx |||||||||||||| ||und||
082 _a629.213
_bM-9/B-1
100 _aSATC
245 0 _aHuman Factors:M-9
260 _aPakistan
_c2022
650 _aAviation
_vAvionics
942 _cBK
999 _c14374
_d14374